| 000 -LEADER |
| fixed length control field |
00945nam a2200253Ia 4500 |
| 001 - CONTROL NUMBER |
| control field |
16336 |
| 003 - CONTROL NUMBER IDENTIFIER |
| control field |
GE_BSU |
| 008 - FIXED-LENGTH DATA ELEMENTS--GENERAL INFORMATION |
| fixed length control field |
181216s||||||||xx |||||||||||||| ||und|| |
| 020 ## - INTERNATIONAL STANDARD BOOK NUMBER |
| International Standard Book Number |
ISBN 978-9941-10-417-6 |
| 040 ## - CATALOGING SOURCE |
| Transcribing agency |
GE_BSU |
| 080 ## - UNIVERSAL DECIMAL CLASSIFICATION NUMBER |
| Universal Decimal Classification number |
343.23 |
| 100 ## - MAIN ENTRY--PERSONAL NAME |
| Personal name |
ტურავა, მერაბ |
| 245 ## - TITLE STATEMENT |
| Title |
სისხლის სამართალი = Strafrecht |
| 245 ## - TITLE STATEMENT |
| Remainder of title |
ზოგადი ნაწილი:წ. 1 : დანაშაულის მოძღვრება |
| 260 ## - PUBLICATION, DISTRIBUTION, ETC. |
| Place of publication, distribution, etc. |
თბილისი |
| 260 ## - PUBLICATION, DISTRIBUTION, ETC. |
| Name of publisher, distributor, etc. |
სამართალი |
| 260 ## - PUBLICATION, DISTRIBUTION, ETC. |
| Date of publication, distribution, etc. |
2011 |
| 300 ## - PHYSICAL DESCRIPTION |
| Extent |
XXV, 692 გვ.21სმ |
| 300 ## - PHYSICAL DESCRIPTION |
| Other physical details |
ანბ.-საგნ. საძ.: გვ. 656-691. - ბიბლიოგრ. ტექსტ. შენიშვნ |
| 653 ## - INDEX TERM--UNCONTROLLED |
| Uncontrolled term |
სამართალი |
| 653 ## - INDEX TERM--UNCONTROLLED |
| Uncontrolled term |
სისხლის სამართალი; დანაშაული |
| 942 ## - ADDED ENTRY ELEMENTS (KOHA) |
| Koha item type |
წიგნი |